<?xml version="1.0" encoding="UTF-8"?>
<record
    xmlns:xsi="http://www.w3.org/2001/XMLSchema-instance"
    xsi:schemaLocation="http://www.loc.gov/MARC21/slim http://www.loc.gov/standards/marcxml/schema/MARC21slim.xsd"
    xmlns="http://www.loc.gov/MARC21/slim">

  <leader>02701nam a2200565Ia 4500</leader>
  <controlfield tag="001">755</controlfield>
  <controlfield tag="008">241029s9999    xx            000 0 und d</controlfield>
  <datafield tag="010" ind1=" " ind2=" ">
    <subfield code="a">681</subfield>
  </datafield>
  <datafield tag="041" ind1=" " ind2=" ">
    <subfield code="a">Espa&#xF1;ol</subfield>
  </datafield>
  <datafield tag="082" ind1=" " ind2=" ">
    <subfield code="a">NO APLICA</subfield>
  </datafield>
  <datafield tag="245" ind1=" " ind2="0">
    <subfield code="a">El Proyecto Educativo de Centro (PEC) y su incidencia en la gesti&#xF3;n institucional y pedag&#xF3;gica del Nivel B&#xE1;sico en la Red Brisa-Caleta del Distrito 10-05 de Boca Chica, 2010-2011.</subfield>
  </datafield>
  <datafield tag="260" ind1=" " ind2=" ">
    <subfield code="a">Santo Domingo</subfield>
  </datafield>
  <datafield tag="300" ind1=" " ind2=" ">
    <subfield code="a">114</subfield>
  </datafield>
  <datafield tag="520" ind1=" " ind2=" ">
    <subfield code="a">6</subfield>
  </datafield>
  <datafield tag="630" ind1=" " ind2=" ">
    <subfield code="a">Gesti&#xF3;n</subfield>
  </datafield>
  <datafield tag="630" ind1=" " ind2=" ">
    <subfield code="a">Incidencia</subfield>
  </datafield>
  <datafield tag="630" ind1=" " ind2=" ">
    <subfield code="a">Pedagog&#xED;a</subfield>
  </datafield>
  <datafield tag="630" ind1=" " ind2=" ">
    <subfield code="a">Programa de Intervenci&#xF3;n</subfield>
  </datafield>
  <datafield tag="650" ind1=" " ind2=" ">
    <subfield code="a">Gesti&#xF3;n Educativa</subfield>
  </datafield>
  <datafield tag="690" ind1=" " ind2=" ">
    <subfield code="a">Copiado sin cambios</subfield>
  </datafield>
  <datafield tag="700" ind1=" " ind2=" ">
    <subfield code="e">asesor</subfield>
    <subfield code="a">Bonilla Su&#xE1;rez, Hurdia Amarilis</subfield>
  </datafield>
  <datafield tag="700" ind1=" " ind2=" ">
    <subfield code="e">autor</subfield>
    <subfield code="a">Ozuna Cede&#xF1;o , Jorge </subfield>
  </datafield>
  <datafield tag="700" ind1=" " ind2=" ">
    <subfield code="e">autor</subfield>
    <subfield code="a">Ozuna Reyes, Sergia</subfield>
  </datafield>
  <datafield tag="901" ind1=" " ind2=" ">
    <subfield code="a">{"1":"Ozuna Cede&#xF1;o ","2":"Ozuna Reyes"}</subfield>
    <subfield code="b">{"1":"Jorge ","2":"Sergia"}</subfield>
  </datafield>
  <datafield tag="902" ind1=" " ind2=" ">
    <subfield code="a">1</subfield>
  </datafield>
  <datafield tag="903" ind1=" " ind2=" ">
    <subfield code="a">{"1":"Bonilla Su&#xE1;rez"}</subfield>
    <subfield code="b">{"1":"Hurdia Amarilis"}</subfield>
  </datafield>
  <datafield tag="904" ind1=" " ind2=" ">
    <subfield code="a">Mag&#xED;ster en</subfield>
  </datafield>
  <datafield tag="905" ind1=" " ind2=" ">
    <subfield code="a">Gesti&#xF3;n de Centros Educativos</subfield>
  </datafield>
  <datafield tag="906" ind1=" " ind2=" ">
    <subfield code="a">2</subfield>
  </datafield>
  <datafield tag="907" ind1=" " ind2=" ">
    <subfield code="a">NO APLICA</subfield>
  </datafield>
  <datafield tag="908" ind1=" " ind2=" ">
    <subfield code="a">NO APLICA</subfield>
  </datafield>
  <datafield tag="909" ind1=" " ind2=" ">
    <subfield code="a">Universidad Adventista Dominicana (UNAD)</subfield>
  </datafield>
  <datafield tag="910" ind1=" " ind2=" ">
    <subfield code="a">NULL</subfield>
    <subfield code="b">NULL</subfield>
  </datafield>
  <datafield tag="911" ind1=" " ind2=" ">
    <subfield code="a">["1"]</subfield>
  </datafield>
  <datafield tag="912" ind1=" " ind2=" ">
    <subfield code="a">NO APLICA</subfield>
  </datafield>
  <datafield tag="913" ind1=" " ind2=" ">
    <subfield code="a">NULL</subfield>
  </datafield>
  <datafield tag="914" ind1=" " ind2=" ">
    <subfield code="a">01 de Junio de 2012</subfield>
  </datafield>
  <datafield tag="915" ind1=" " ind2=" ">
    <subfield code="a">10/12/19 11:12</subfield>
  </datafield>
  <datafield tag="916" ind1=" " ind2=" ">
    <subfield code="a">NULL</subfield>
  </datafield>
  <datafield tag="917" ind1=" " ind2=" ">
    <subfield code="a">NULL</subfield>
  </datafield>
  <datafield tag="918" ind1=" " ind2=" ">
    <subfield code="a">NO APLICA</subfield>
  </datafield>
  <datafield tag="919" ind1=" " ind2=" ">
    <subfield code="a">["111","209","153","169"]</subfield>
  </datafield>
  <datafield tag="520" ind1=" " ind2=" ">
    <subfield code="a">El prop&#xF3;sito principal de este estudio es determinar c&#xF3;mo el Proyecto Educativo de Centro (PEC), incide en la gesti&#xF3;n institucional y pedag&#xF3;gica.Las preguntas que lo orientan son: &#xBF;Cu&#xE1;l es el grado de coherencia existente entre la teor&#xED;a y la pr&#xE1;ctica en el dise&#xF1;o y aplicaci&#xF3;n del Proyecto Educativo de Centro, de cara al contexto local? &#xBF;Qu&#xE9; nivel de conocimiento y participaci&#xF3;n poseen los actores en el proceso de construcci&#xF3;n y ejecuci&#xF3;n del Proyecto Educativo de Centro en la calidad de la gesti&#xF3;n institucional y pedag&#xF3;gica?La metodolog&#xED;a es descriptiva correlacional, con una muestra de nueve (9) directores (100%), noventa y ocho (98) docentes (75%), noventa y cinco (95) estudiantes (1.2%) y 50 padres, cuyo porcentaje es indeterminado.Los resultados demuestran que 52% de los docentes y 78% de los directores afirman que el PEC ha incidido de forma significativa en la gesti&#xF3;n institucional.&#xA0;Se concluye que el PEC, dise&#xF1;ado y aplicado de forma integral, redunda en beneficio de la Calidad Educativa, d&#xE1;ndole direcci&#xF3;n y sentido a la gesti&#xF3;n institucional y pedag&#xF3;gica de las escuelas.</subfield>
  </datafield>
  <datafield tag="921" ind1=" " ind2=" ">
    <subfield code="a">28</subfield>
  </datafield>
  <datafield tag="922" ind1=" " ind2=" ">
    <subfield code="a">28</subfield>
  </datafield>
  <datafield tag="923" ind1=" " ind2=" ">
    <subfield code="a">0</subfield>
  </datafield>
  <datafield tag="924" ind1=" " ind2=" ">
    <subfield code="a">NO APLICA</subfield>
  </datafield>
  <datafield tag="942" ind1=" " ind2=" ">
    <subfield code="c">Tesis</subfield>
  </datafield>
  <datafield tag="999" ind1=" " ind2=" ">
    <subfield code="c">681</subfield>
    <subfield code="d">681</subfield>
  </datafield>
</record>
